Problemas médicos y el anestesista (Registro nro. 4488)
[ vista simple ]
| 000 -CABECERA | |
|---|---|
| campo de control de longitud fija | 01012nam a22003251i 4500 |
| 001 - NÚMERO DE CONTROL | |
| campo de control | bimo0001060527 |
| 003 - IDENTIFICADOR DEL NÚMERO DE CONTROL | |
| campo de control | SpMaBN |
| 005 - FECHA Y HORA DE LA ÚLTIMA TRANSACCIÓN | |
| campo de control | 20190423145247.0 |
| 008 - DATOS DE LONGITUD FIJA--INFORMACIÓN GENERAL | |
| campo de control de longitud fija | 920725s1981 sp spa |
| 016 7# - NÚMERO DE CONTROL DE UNA AGENCIA BIBLIOGRÁFICA NACIONAL | |
| Número de control del registro | bimoBNE19983092453 |
| Número de control de registro cancelado o inválido | IND9200469791 |
| Fuente | SpMaBN |
| 017 ## - NÚMERO DE COPYRIGHT O DE DEPÓSITO LEGAL | |
| Número de copyright o de depósito legal | B 29216-1981 |
| Agencia que asigna | Oficina Depósito Legal Barcelona |
| 020 ## - NÚMERO INTERNACIONAL ESTÁNDAR DEL LIBRO | |
| Número Internacional Estándar del Libro | 8434520834 |
| 035 ## - NÚMERO DE CONTROL DEL SISTEMA | |
| Número de control de sistema | (OCoLC)1004277728 |
| 040 ## - FUENTE DE LA CATALOGACIÓN | |
| Centro catalogador/agencia de origen | SpMaBN |
| Centro/agencia transcriptor | AR-RoIUNI |
| 041 1# - CÓDIGO DE LENGUA | |
| Código de lengua del texto/banda sonora o título independiente | spa |
| Código de lengua original | eng |
| 080 #0 - NÚMERO DE LA CLASIFICACIÓN DECIMAL UNIVERSAL | |
| Número de la Clasificación Decimal Universal | 616-089 KAU |
| 100 1# - ENTRADA PRINCIPAL--NOMBRE DE PERSONA | |
| Nombre de persona | Kaufman, Leon |
| 245 10 - MENCIÓN DE TÍTULO | |
| Título | Problemas médicos y el anestesista |
| Mención de responsabilidad, etc. | León Kaufman... ; Edward Sumner... ; [traducción del inglés Marcelo Corominas] |
| 260 ## - PUBLICACIÓN, DISTRIBUCIÓN, ETC. (PIE DE IMPRENTA) | |
| Lugar de publicación, distribución, etc. | Barcelona |
| Nombre del editor, distribuidor, etc. | Salvat |
| Fecha de publicación, distribución, etc. | 1981 |
| 300 ## - DESCRIPCIÓN FÍSICA | |
| Extensión | VIII, 198 p. gráf. |
| Otras características físicas | il. |
| Dimensiones | 22 cm |
| 490 0# - MENCIÓN DE SERIE | |
| Mención de serie | Serie de Anestesia |
| Designación de volumen o secuencia | 1 |
| 500 ## - NOTA GENERAL | |
| Nota general | Indices |
| 650 #7 - PUNTO DE ACCESO ADICIONAL DE MATERIA--TÉRMINO DE MATERIA | |
| Término de materia o nombre geográfico como elemento inicial | Anestesia |
| Fuente del encabezamiento o término | embne |
| 700 1# - PUNTO DE ACCESO ADICIONAL--NOMBRE DE PERSONA | |
| Nombre de persona | Sumner, Edward |
| 700 1# - PUNTO DE ACCESO ADICIONAL--NOMBRE DE PERSONA | |
| Nombre de persona | Corominas, Marcelo |
| 942 ## - ELEMENTOS DE PUNTO DE ACCESO ADICIONAL (KOHA) | |
| Fuente del sistema de clasificación o colocación | Clasificación Decimal Universal |
| Tipo de ítem Koha | Libros |
| 956 ## - LOCALIZACIÓN Y ACCESO ELECTRÓNICOS LOCAL (OCLC) | |
| Nombre del host | 1 2 |
| 980 ## - EQUIVALENCIA O REFERENCIA-CRUZADA-MENCIÓN DE SERIE--NOMBRE DE PERSONA/TÍTULO [LOCAL, CANADÁ] | |
| Nombre de persona | M-BN |
| Numeración | BNMADRID |
| Calificador de atribución | 4/183640 |
| Títulos y otros términos asociados al nombre | SG_RECOLET |
| 980 ## - EQUIVALENCIA O REFERENCIA-CRUZADA-MENCIÓN DE SERIE--NOMBRE DE PERSONA/TÍTULO [LOCAL, CANADÁ] | |
| Nombre de persona | M-BN |
| Numeración | BNALCALA |
| Calificador de atribución | DL/173818 |
| Títulos y otros términos asociados al nombre | CONSERVACI |
| Estado de retiro | Estado de pérdida | Fuente del sistema de clasificación o colocación | Estado dañado | Excepción de préstamo | Código de colección | Localización permanente | Ubicación/localización actual | Ubicación en estantería | Fecha de adquisición | Número de inventario | Total de préstamos | Signatura topográfica completa | Código de barras | Fecha visto por última vez | Precio válido a partir de | Tipo de ítem Koha |
|---|---|---|---|---|---|---|---|---|---|---|---|---|---|---|---|---|
| Clasificación Decimal Universal | General | BIBLIOTECA CENTRAL | BIBLIOTECA CENTRAL | BIBLIOTECA CENTRAL | 23/04/2019 | 5285 | 616-089 KAU | 5285c | 23/04/2019 | 23/04/2019 | Libros |

